00698 2200205 4500001002100000005001700021008004100038020001800079035002400097040001200121082001300133090002200146245014000168260005100308300003000359650004200389700002500431850001200456999002400468YOGYA-0209000004548520161004090415.0 ind  a979-420-588-5 0010-020900000045485 aYOPDYOG a353.0077 aDEP 353.0077bDes aDesentralisasi kesehatan di Indonesia dan perubahan fungsi Pemerintah 2001-2005 apakah merupakan uji coba?ceditor, Laksono Trisnantoro aYogyakartabGadjah Mada University Pressc2006 axiv, 193 hlmbilusc29 cm aKesehatan rakyat - Aspek pemerintahan aTrisnantoro, Laksono aYOPDYOG a11 2006-734 h CB-D.